| 000 | 00509nam a2200169 i 4500 | ||
|---|---|---|---|
| 001 | 93044 | ||
| 003 | ES-MaACL | ||
| 005 | 20230906181120.0 | ||
| 007 | t| | ||
| 008 | 050407s1972 sp ||||1| spa d | ||
| 100 | 1 |
_aLoidi, Patxi. _973140 |
|
| 245 | 1 | 0 |
_aCatequesis para la comunidad cristiana _b: Adultos / _cPatxi Loidi, Manuel Longa. |
| 260 |
_a[Bilbao : _bDescleƩ de Brouwer, _c1972] |
||
| 300 |
_a18 fasc. en 1 v. ; _c22 cm. |
||
| 700 | 1 |
_aLonga, Manuel. _973228 |
|
| 852 |
_aES-MaACL _jC-54679 _bR.86185 |
||
| 999 |
_c93044 _d93044 |
||